Best Starting Lineup Ever- Spain - Statistics

General Stats
  • This quiz has been taken 22 times
    21 since last reset
  • The average score is 9 of 11
Answer Stats
Hint Answer % Correct
GK Casillas
95%
CM Iniesta
95%
CM Xavi
95%
CB Puyol
90%
RB Ramos
90%
CDM Busquets
85%
CB Pique
80%
CF Torres
80%
LB Alba
75%
LF Raúl
60%
RF Di Stéfano
25%
No matching quizzes found
Score Distribution
Percent of People with Each Score
Percentile by Number Answered
Your Score History
You have not taken this quiz since the last reset